Alumno sordo integrado!: guía para profesores de educación general

Guardat en:
Dades bibliogràfiques
Autors principals: Paz C., Verónica de la (autora), Miranda J., Margarita (Autor), Rojas T., Lucía (Autor)
Format: Llibre
Idioma:espanyol
Publicat: Santiago Universitaria 1993
Edició:2a. ed
Matèries:
Etiquetes: Afegir etiqueta
Sense etiquetes, Sigues el primer a etiquetar aquest registre!

MARC

LEADER 00000cam a2200000 a 4500
001 UCB0142
003 CL-VaPUC
005 20230717095055.0
008 191213e19930000cl spa d
020 |a 9561103310 
082 0 4 |a 371.912  |b PAZ  |2 21 
100 |a Paz C., Verónica de la  |e autora  |9 605465 
700 1 |a Miranda J., Margarita  |e author  |9 605466 
700 1 |a Rojas T., Lucía  |e author  |9 605467 
245 1 0 |a Alumno sordo integrado!: guía para profesores de educación general 
250 |a 2a. ed 
260 |a Santiago  |b Universitaria  |c 1993 
300 |a 73 p 
583 |a last modification  |c 20191213 11:48:00  |k cmena 
650 0 0 |a Educación especial  |9 307486 
650 0 7 |a NIÑOS IMPEDIDOS  |2 CL-VaPUC  |9 309741 
650 0 0 |a Educación de niños  |9 307451 
650 0 0 |a Sordos  |9 310755 
942 |c BK 
945 |a dcastane  |d 20191213 11:48:00 
999 |c 307749  |d 307747 
952 |0 0  |1 0  |4 0  |6 371_912000000000000_PAZ_1998  |7 0  |8 P  |9 373853  |a BIBEDU  |b BIBEDU  |c BIBEDU_PB  |d 2019-11-21  |i 3986667  |o 371.912 PAZ 1998  |p 3986667  |r 2024-01-25  |w 2019-11-21  |y BK  |k PAR 
952 |0 0  |1 0  |2 ddc  |3 erb  |4 0  |6 371_912000000000000_PAZ_1993  |7 0  |8 P  |9 495737  |a BIBEDU  |b BIBEDU  |c BIBEDU_PB  |i 5611997  |o 371.912 PAZ 1993  |p 5611997  |r 2024-01-25  |w 2020-01-06  |y BK  |z Catalogado en:20191213  |k EDI